| 000 | 00875cab a2200289 4500 | ||
|---|---|---|---|
| 001 | ABS52256 | ||
| 008 | 090401t1995 xxu||||| |||| 00| 0 eng d | ||
| 035 | _a(Sirsi) u68598 | ||
| 041 | _aeng | ||
| 100 | _aThen, D. | ||
| 245 | _aAsset management and maintenance | ||
| 260 | _c1995 | ||
| 350 | _a0 | ||
| 490 |
_aFacilities Management _v2(3) February 1995, 7-9(3) |
||
| 520 | _aSecond of a two part article looking at asset management and maintenance. Flowcharts and diagrams. (Abs51917 is part 1) | ||
| 650 | _aASSET MAINTENANCE | ||
| 650 | _aASSET MANAGEMENT | ||
| 650 | _aCORPORATE POLICIES | ||
| 650 |
_aFACILITIES MANAGEMENT _96240 |
||
| 650 |
_aRefurbishment _96264 |
||
| 650 | _aPERFORMANCE | ||
| 650 | _aPLANNED MAINTENANCE | ||
| 650 |
_aProperty management _96262 |
||
| 690 | _aCOMMERCIAL PROPERTY-MANAGEMENT | ||
| 942 | _n0 | ||
| 948 | _c04/03/1997 | ||
| 999 |
_c43038 _d43038 |
||